|
|
|
|
| LEADER |
00000cas a2200000 a 4500 |
| 001 |
vtls008878655 |
| 003 |
SK-MaSNL |
| 005 |
20260228161414.0 |
| 008 |
061115d19241942xr mr 0 0cze c |
| 040 |
|
|
|a SNK
|b slo
|c SNK
|e AACR2
|
| 041 |
0 |
|
|a cze
|
| 044 |
|
|
|a xr
|c CZ
|
| 072 |
|
7 |
|a 64
|x Domáce hospodárstvo
|2 konspekt
|
| 080 |
|
|
|a 64
|2 2001
|
| 080 |
|
|
|a (051.055.2)
|2 2011
|
| 080 |
|
|
|a 050
|2 2011
|
| 245 |
0 |
0 |
|a Hospodyňské listy
|b časopis věnovaný praktickým zájmům žen československých, racionálnímu vedení domácího hospodářství a životu rodinnému
|
| 260 |
|
|
|a Praha
|b Libuše Macháčková
|c 1924-1942
|
| 300 |
|
|
|a 19 zv.
|c 31 cm
|
| 310 |
|
|
|a 1x mesačne
|
| 362 |
0 |
|
|a Roč. 1, č.1 (1924)-roč. 19, č.7 (1942)
|
| 650 |
0 |
7 |
|a domáce hospodárstvo
|2 SNKPH
|9 2073
|
| 655 |
|
7 |
|a časopisy pre ženy
|2 SNKPH
|9 70785
|
| 910 |
|
|
|a snk
|
| 999 |
|
|
|c 5248
|d 7178
|
| 952 |
|
|
|0 0
|1 1
|4 0
|7 0
|8 3
|a SNK
|b SNK
|d 2006-11-15
|i snkK 230/70
|l 0
|o snkČB 3404/1/1925
|p 17A0523243
|r 2026-02-21 20:05:02
|t č. 1-12
|w 2026-02-21
|y PREZ
|
| 952 |
|
|
|0 0
|1 1
|4 0
|7 0
|8 3
|a SNK
|b SNK
|d 2006-11-15
|i snkK 231/70
|l 0
|o snkČB 3404/2/1926
|p 17A0523240
|r 2026-02-21 20:05:02
|t č. 1-12
|w 2026-02-21
|y PREZ
|
| 952 |
|
|
|0 0
|1 1
|4 0
|7 0
|8 3
|a SNK
|b SNK
|d 2006-11-15
|i snkK 232/70
|l 0
|o snkČB 3404/3/1927
|p 17A0523149
|r 2026-02-21 20:05:02
|t č. 1-12
|w 2026-02-21
|y PREZ
|
| 952 |
|
|
|0 0
|1 1
|4 0
|7 0
|8 3
|a SNK
|b SNK
|d 2006-11-15
|i snkK 233/70
|l 0
|o snkČB 3404/4/1928
|p 17A0523492
|r 2026-02-21 20:05:05
|t č. 1-12
|w 2026-02-21
|y PREZ
|
| 952 |
|
|
|0 0
|1 1
|4 0
|7 0
|8 3
|a SNK
|b SNK
|d 2006-11-15
|i snkK 234/70
|l 0
|o snkČB 3404/5/1929
|p 17A0523148
|r 2026-02-21 20:05:05
|t č. 1-12
|w 2026-02-21
|y PREZ
|
| 952 |
|
|
|0 0
|1 1
|4 0
|7 0
|8 3
|a SNK
|b SNK
|d 2006-11-15
|i snkK 237/70
|l 0
|o snkČB 3404/8/1932
|p 17A0527577
|r 2026-02-21 20:05:05
|t č. 1-12
|w 2026-02-21
|y PREZ
|
| 952 |
|
|
|0 0
|1 1
|4 0
|7 0
|8 3
|a SNK
|b SNK
|d 2006-11-15
|i snkK 238/70
|l 0
|o snkČB 3404/9/1932-1933
|p 17A0527578
|r 2026-02-21 20:05:05
|t č. 1-12
|w 2026-02-21
|y PREZ
|
| 952 |
|
|
|0 0
|1 1
|4 0
|7 0
|8 3
|a SNK
|b SNK
|d 2006-11-15
|i snkK 239/70
|l 0
|o snkČB 3404/10/1934
|p 17A0523142
|r 2026-02-21 20:05:05
|t č. 1-12
|w 2026-02-21
|y PREZ
|
| 952 |
|
|
|0 0
|1 1
|4 0
|7 0
|8 3
|a SNK
|b SNK
|d 2006-11-15
|i snkK 240/70
|l 0
|o snkČB 3404/11/1935
|p 17A0527579
|r 2026-02-21 20:05:05
|t č. 1-12
|w 2026-02-21
|y PREZ
|
| 952 |
|
|
|0 0
|1 1
|4 0
|7 0
|8 3
|a SNK
|b SNK
|d 2006-11-15
|i snkK 241/70
|l 0
|o snkČB 3404/12/1935-1936
|p 17A0527580
|r 2026-02-21 20:05:05
|t č. 1-12
|w 2026-02-21
|y PREZ
|
| 952 |
|
|
|0 0
|1 1
|4 0
|7 0
|8 3
|a SNK
|b SNK
|d 2006-11-15
|i snkK 242/70
|l 0
|o snkČB 3404/13/1936-1937
|p 17A0527581
|r 2026-02-21 20:05:05
|t č. 1-12
|w 2026-02-21
|y PREZ
|
| 952 |
|
|
|0 0
|1 1
|4 0
|7 0
|8 3
|a SNK
|b SNK
|d 2006-11-15
|i snkK 244/70
|l 0
|o snkČB 3404/15/1938-1939
|p 17A0527583
|r 2026-02-21 20:05:05
|t č. 1-12
|w 2026-02-21
|y PREZ
|
| 952 |
|
|
|0 0
|1 1
|4 0
|7 0
|8 3
|a SNK
|b SNK
|d 2006-11-15
|i snkK 236/70
|l 0
|o snkČB 3404/7/1931
|p 17A0527576
|r 2026-02-21 20:08:40
|t č. 1-12
|w 2026-02-21
|y PREZ
|
| 952 |
|
|
|0 0
|1 1
|4 0
|7 0
|8 3
|a SNK
|b SNK
|d 2006-11-15
|i snkK 243/70
|l 0
|o snkČB 3404/14/1937-1938
|p 17A0527582
|r 2026-02-21 20:14:42
|t č. 1-12
|w 2026-02-21
|y PREZ
|
| 952 |
|
|
|0 0
|1 1
|4 0
|7 0
|8 3
|a SNK
|b SNK
|d 2006-11-15
|i snkK 235/70
|l 0
|o snkČB 3404/6/1930
|p 17A0523147
|r 2026-02-21 20:22:19
|t č. 1-12
|w 2026-02-21
|y PREZ
|